El molino del Po /

Na minha lista:
Detalhes bibliográficos
Autor principal: Bacchelli, Riccardo (autor)
Formato: Livro
Idioma:espanhol
Publicado em: México : Buenos Aires, Argentina : Jackson de Ediciones Selectas, 1951, c1951
Assuntos:
Tags: Adicionar Tag
Sem tags, seja o primeiro a adicionar uma tag!

MARC

LEADER 00000nam^a2200000^a^4500
001 000316584
005 20250521000000.0
009 20260310113318.11
025 |a Donación Jorge Dávalos, 1 ejemplar 
037 |a Acervo Xavier Clavigero 
041 |a ESP 
082 |a 853.  |b BAC 
100 |a Bacchelli, Riccardo  |e (autor) 
245 1 3 |a El molino del Po /  |c R. Bacchelli ; tr. por A. Gregori. 
264 4 |a México : Buenos Aires, Argentina :  |b Jackson de Ediciones Selectas,  |c 1951, c1951 
300 |a 349 p. 
336 |a texto  |b txt  |2 rdacontenido 
337 |a sin mediación  |b n  |2 rdamedio 
338 |a volumen  |b nc  |2 rdasoporte 
500 |a Traducción de: Il mulino del Po I. Dio ti salvi 
649 |a XX 
650 |a Novela Italiana 
650 |a Literatura Italiana -  |y Siglo XX 
910 |a Fondo General 
920 |a Impresos - Libros 
930 |a Colección General 
940 |a Literatura 
905 |a 101 
901 |a 0500203676  |b IT1  |c LIT  |i D  |u 20250521 
902 |a https://opac.biblio.iteso.mx/vufind/Record/000316584